| 000 | 00463nam a2200157Ia 4500 | ||
|---|---|---|---|
| 005 | 20250422010337.0 | ||
| 008 | 240331s9999 xx 000 0 und d | ||
| 020 | _a9789559261582 | ||
| 082 |
_bTHI _a200 |
||
| 100 | _aThiruchandran,S | ||
| 245 | 0 | _aIlangayil Hindu Samayathil Nilavum Aan thalamaiththuva Sindanai Pokkugal | |
| 260 |
_aColombo _bWERC _c2011 |
||
| 300 | _aXi, 54 p ., | ||
| 500 | _aIllangaiyil, indu samayathil nilavum aanthamaithuva | ||
| 942 | _cL | ||
| 999 |
_c5817 _d5817 |
||